| 000 -LEADER |
| fixed length control field |
00491nam a22001457a 4500 |
| 008 - FIXED-LENGTH DATA ELEMENTS--GENERAL INFORMATION |
| fixed length control field |
200218b ||||| |||| 00| 0 eng d |
| 082 00 - DEWEY DECIMAL CLASSIFICATION NUMBER |
| Classification number |
621.34 |
| Item number |
M727 |
| 100 ## - MAIN ENTRY--PERSONAL NAME |
| 9 (RLIN) |
1476 |
| Personal name |
Mollow, E. |
| 245 10 - TITLE STATEMENT |
| Title |
Magnetic tools and appliances in engineering production, dealing with magnetic chucks, clutches, brakes, lifting magnets, magnetic separators, and crack detectors |
| 250 ## - EDITION STATEMENT |
| Edition statement |
1st |
| 260 ## - PUBLICATION, DISTRIBUTION, ETC. (IMPRINT) |
| Place of publication, distribution, etc |
London |
| Name of publisher, distributor, etc |
Newnes |
| Date of publication, distribution, etc |
1942 |
| 300 ## - PHYSICAL DESCRIPTION |
| Extent |
116p. |
| 650 #0 - SUBJECT ADDED ENTRY--TOPICAL TERM |
| Topical term or geographic name as entry element |
Magnetic Testing |
| 942 ## - ADDED ENTRY ELEMENTS (KOHA) |
| Item type |
Books |